Helldivers 2 - All Dificulties - Statistics

General Stats
  • This quiz has been taken 41 times
  • The average score is 8 of 10
Answer Stats
Hint Answer % Correct
2 Easy
100%
1 Trivial
96%
5 Hard
93%
9 Helldive
93%
10 Super Helldive
93%
3 Medium
89%
7 Suicide Mission
82%
8 Impossible
79%
4 Challenging
64%
6 Extreme
54%
No matching quizzes found
Score Distribution
Percent of People with Each Score
Percentile by Number Answered
Your Score History
You have not taken this quiz